|
|
|
|
| LEADER |
00000aam a2200000 i 4500 |
| 001 |
115740 |
| 003 |
CZ ZlUTB |
| 005 |
20260601083912.0 |
| 007 |
ta |
| 008 |
211012t20222022xxka e p 001 0 eng d |
| 020 |
|
|
|a 978-1-292-36351-6
|q (brožováno)
|z 1-292-36351-7
|
| 040 |
|
|
|a PND008
|b cze
|d ZLD002
|e rda
|
| 044 |
|
|
|a xxk
|a xxu
|a xxc
|a at
|a ts
|a si
|a ch
|a ja
|a ko
|a ii
|a sa
|a bl
|a mx
|a sp
|a ne
|a gw
|a fr
|a it
|
| 072 |
|
7 |
|a 338.3/.4
|x Hospodářská a výrobní odvětví
|2 Konspekt
|9 4
|
| 072 |
|
7 |
|a 37.016
|x Učební osnovy. Vyučovací předměty. Učebnice
|2 Konspekt
|9 22
|
| 080 |
|
|
|a 338.48
|2 MRF
|
| 080 |
|
|
|a 338.48-4:339.138
|2 MRF
|
| 080 |
|
|
|a 338.486
|2 MRF
|
| 080 |
|
|
|a 658.8:316.77
|2 MRF
|
| 080 |
|
|
|a 640.4
|2 MRF
|
| 080 |
|
|
|a 640.43/.46
|2 MRF
|
| 080 |
|
|
|a 658.8:005
|2 MRF
|
| 080 |
|
|
|a 338.487:658.8
|2 MRF
|
| 080 |
|
|
|a (075)
|2 MRF
|
| 080 |
|
|
|a (078.7)
|2 MRF
|
| 100 |
1 |
|
|a Kotler, Philip,
|d 1931-
|7 jn20011018131
|4 aut
|
| 245 |
1 |
0 |
|a Marketing for hospitality and tourism /
|c Philip Kotler, John T. Bowen, Seyhmus Baloglu ; contributions by Cristian Morosan
|
| 250 |
|
|
|a Eight edition
|
| 264 |
|
1 |
|a Harlow, England ;
|a London ;
|a New York ;
|a Boston ;
|a San Francisco ;
|a Toronto ;
|a Sydney ;
|a Dubai ;
|a Singapore ;
|a Hong Kong ;
|a Tokyo ;
|a Seoul ;
|a Taipei ;
|a New Delhi ;
|a Cape Town ;
|a Sao Paulo ;
|a Mexico City ;
|a Madrid ;
|a Amsterdam ;
|a Munich ;
|a Paris ;
|a Milan :
|b Pearson,
|c [2022]
|
| 264 |
|
4 |
|c ©2022
|
| 300 |
|
|
|a 686 stran :
|b barevné ilustrace ;
|c 28 cm
|
| 336 |
|
|
|a text
|b txt
|2 rdacontent
|
| 337 |
|
|
|a bez média
|b n
|2 rdamedia
|
| 338 |
|
|
|a svazek
|b nc
|2 rdacarrier
|
| 500 |
|
|
|a Na titulní straně uvedeno označení vadání "Global edition"
|
| 500 |
|
|
|a Terminologický slovník
|
| 504 |
|
|
|a Obsahuje bibliografie a rejstřík
|
| 650 |
0 |
7 |
|a cestovní ruch
|7 ph119113
|2 czenas
|
| 650 |
0 |
7 |
|a marketing destinací
|7 ph370265
|2 czenas
|
| 650 |
0 |
7 |
|a management cestovního ruchu
|7 ph514345
|2 czenas
|
| 650 |
0 |
7 |
|a marketingová komunikace
|7 ph115228
|2 czenas
|
| 650 |
0 |
7 |
|a pohostinství
|7 ph115776
|2 czenas
|
| 650 |
0 |
7 |
|a pohostinská zařízení
|7 ph115775
|2 czenas
|
| 650 |
0 |
7 |
|a marketingový management
|7 ph115229
|2 czenas
|
| 650 |
0 |
7 |
|a marketing cestovního ruchu
|7 ph572637
|2 czenas
|
| 650 |
0 |
9 |
|a tourism
|2 eczenas
|
| 650 |
0 |
9 |
|a destination marketing
|2 eczenas
|
| 650 |
0 |
9 |
|a tourism management
|2 eczenas
|
| 650 |
0 |
9 |
|a communication in marketing
|2 eczenas
|
| 650 |
0 |
9 |
|a catering trade
|2 eczenas
|
| 650 |
0 |
9 |
|a catering facilities
|2 eczenas
|
| 650 |
0 |
9 |
|a marketing management
|2 eczenas
|
| 650 |
0 |
9 |
|a tourism marketing
|2 eczenas
|
| 655 |
|
7 |
|a učebnice
|7 fd133770
|2 czenas
|
| 655 |
|
7 |
|a případové studie
|7 fd133208
|2 czenas
|
| 655 |
|
9 |
|a textbooks
|2 eczenas
|
| 655 |
|
9 |
|a case studies
|2 eczenas
|
| 700 |
1 |
|
|a Bowen, John T.
|7 utb2010557614
|4 aut
|
| 700 |
1 |
|
|a Baloglu, Seyhmus
|7 vse2012679407
|4 aut
|
| 700 |
1 |
|
|a Morosan, Cristian
|4 ctb
|
| 710 |
2 |
|
|a Pearson Education, Inc.
|7 ko2008471682
|4 pbl
|
| 910 |
|
|
|a ZLD002
|
| 942 |
|
|
|2 udc
|
| 952 |
|
|
|0 0
|1 0
|4 0
|6 338KOTLERP
|7 -1
|8 BOOK
|9 191383
|a UTBZL
|b UTBZL
|c 005
|d 2026-06-01
|l 0
|o 338/KOTLER,P.
|p 420010202207
|r 2026-06-01 08:39:57
|v 1322.00
|w 2026-06-01
|x N:nákup
|y 01
|
| 992 |
|
|
|a BK
|b SKNEW
|
| 999 |
|
|
|c 115740
|d 115740
|